| 000 | 00844cam a2200229 4500 | ||
|---|---|---|---|
| 001 | WB3603-22 | ||
| 008 | 000000n2000 000 0 eng u | ||
| 035 | _a(Sirsi) u103691 | ||
| 245 | _aSupermarket probe | ||
| 260 | _c2000 | ||
| 490 |
_aEstates Gazette _v(0002) 15 January 2000, 27(1) |
||
| 520 | _aThe environment, transport and regional affairs committee has voiced concerns over the DTI's handling of the Competition Commission inquiry into supermarkets, claiming that the inquiry could lead to a relaxation in the rules on out of town development. | ||
| 590 | _aWB | ||
| 650 | _aOUT OF TOWN DEVELOPMENT | ||
| 650 | _aRETAIL DEVELOPMENT | ||
| 650 | _aSUPERMARKETS | ||
| 650 | _aDTI | ||
| 650 | _aINQUIRIES | ||
| 650 | _aPLANNING SYSTEM | ||
| 690 | _aENVIRONMENTAL AND LAND CONSULTANCY-PLANNING AND DEVELOPMENT | ||
| 942 | _n0 | ||
| 999 |
_c62268 _d62268 |
||